Biblioteka Instytutu Północnego w Olsztynie

Widok standardowy Widok MARC

Pozycja Personal Name

Liczba rekordów, w których użyto hasła: 1

001 - Numer kontrolny

  • control field: 40173

003 - Identyfikator numeru kontrolnego

  • control field: NUKAT

005 - Data i czas ostatniej modyfikacji

  • control field: 20260416131259.0

008 - Dane kontrolne kodowane (40 znaków)

  • fixed length control field: 050119n||azznnbabn |a aaa |

010 ## - Numer kontrolny Biblioteki Kongresu

  • numer kontrolny LC: p 2004412257

024 7# - OTHER STANDARD IDENTIFIER

  • Standard number or code: 74645641
  • Source of number or code: viaf

035 ## - Numer systemowy

  • numer systemowy: a11827890

035 ## - Numer systemowy

  • numer systemowy: (PL)a0000001182789

040 ## - Instytucja sporządzająca rekord

  • inst. przygot. dane do rek. khw: WA N
  • język haseł przedmiotowych/tezaurus: DBN
  • inst. wprow. rek. khw: WA N

043 ## - Kod obszaru geograficznego

  • ISO code: DE

046 ## - Special dates

  • Birth date: 1893
  • Death date: 1946

100 1# - Hasło - nazwa osobowa

  • nazwa osobowa w formie ujednoliconej: Ribbentrop, Joachim von
  • daty biograficzne: (1893-1946)

370 ## - Associated place

  • Place of death: Norymberga (Niemcy)

370 ## - Associated place

  • Country: Niemcy

372 ## - Field of activity

  • Field: Polityka zagraniczna

374 ## - Occupation

  • Occupation: Politycy

375 ## - Gender

  • Gender: 1
  • Source of term: iso5218

377 ## - Assoc lang

  • Lang code: ger

378 ## - Full form name

  • Full form name: Ribbentrop, Joachim Ulrich Friedrich Willy, von

400 1# - Trop zob. - nazwa osobowa

  • nazwa osobowa (nazwisko, imiona): Ribbentrop, von

400 1# - Trop zob. - nazwa osobowa

  • nazwa osobowa (nazwisko, imiona): Rimpentrop, von

400 1# - Trop zob. - nazwa osobowa

  • nazwa osobowa (nazwisko, imiona): Ribbentrop, Joachim Ulrich Friedrich Willy, von

550 ## - Trop zob. też - nazwa pospolita

  • nazwa posp. lub nazwa geogr. na pocz.: Pakt Ribbentrop-Mołotow (1939)

670 ## - Źródło informacji

  • źródło informacji: Locarno. - Berlin, 1936.
  • gdzie znaleziono informację: Przedm.

670 ## - Źródło informacji

  • źródło informacji: Ot pakta Molotova-Ribbentropa do dogovora o bazach / sost. Ar'jakas. - Tallinn, 1990.

670 ## - Źródło informacji

  • źródło informacji: O'en Dantsigk logos tou ùpourgou tôn crôterikôn tou Raich von Rimpentrop te 24 oktôbtiou 1939. - Berlin, 1939.

670 ## - Źródło informacji

  • źródło informacji: NEP

670 ## - Źródło informacji

  • źródło informacji: EPop.
Biblioteka Instytutu Północnego, ul. Partyzantów 87, 10-402 Olsztyn, email: biblioteka(at)ip.olsztyn.pl